Hain and construction sector vow to cut deaths (Record no. 79252)
[ view plain ]
| 000 -LEADER | |
|---|---|
| fixed length control field | 01406cad a22002175a 4500 |
| 001 - CONTROL NUMBER | |
| control field | L140335 |
| 008 - FIXED-LENGTH DATA ELEMENTS--GENERAL INFORMATION | |
| fixed length control field | 070919e20070917xxk f f000 0 eng d |
| 035 ## - SYSTEM CONTROL NUMBER | |
| System control number | (Sirsi) u140335 |
| 041 0# - LANGUAGE CODE | |
| Language code of text/sound track or separate title | eng |
| 110 1# - MAIN ENTRY--CORPORATE NAME | |
| Corporate name or jurisdiction name as entry element | United Kingdom |
| Subordinate unit | Department for Work and Pensions |
| 9 (RLIN) | 5352 |
| 245 00 - TITLE STATEMENT | |
| Title | Hain and construction sector vow to cut deaths |
| Medium | [electronic resource] |
| 260 ## - PUBLICATION, DISTRIBUTION, ETC. | |
| Date of publication, distribution, etc. | 2007 |
| 490 ## - SERIES STATEMENT | |
| Series statement | GNN Press Release |
| Volume/sequential designation | (151675P) 17 September 2007 |
| 520 ## - SUMMARY, ETC. | |
| Summary, etc. | Announces a framework for action to tackle workplace deaths and improve health and safety practices in the construction industry, following the recent 28% increase in construction deaths. Key areas for action include: sharing best practice; improving levels of competence, such as extending the requirement for all site workers to carry a Construction Skills Certification Scheme card; promoting worker involvement in projects; providing site specific planning and induction to those in control of tower crane erection, operation and dismantling; and changing the informal economy in the sector. |
| 590 ## - LOCAL NOTE (RLIN) | |
| Local note | KA NTK |
| 651 #4 - SUBJECT ADDED ENTRY--GEOGRAPHIC NAME | |
| Geographic name | United Kingdom |
| Chronological subdivision | |
| 690 ## - LOCAL SUBJECT ADDED ENTRY--TOPICAL TERM (OCLC, RLIN) | |
| Topical term or geographic name as entry element | BUILT ENVIRONMENT |
| 690 ## - LOCAL SUBJECT ADDED ENTRY--TOPICAL TERM (OCLC, RLIN) | |
| Topical term or geographic name as entry element | MANAGEMENT-HEALTH AND SAFETY |
| 856 40 - ELECTRONIC LOCATION AND ACCESS | |
| Uniform Resource Identifier | <a href="https://webarchive.nationalarchives.gov.uk/20071204130210/http://dwp.gov.uk/mediacentre/pressreleases/2007/sep/emp038-170907.asp">https://webarchive.nationalarchives.gov.uk/20071204130210/http://dwp.gov.uk/mediacentre/pressreleases/2007/sep/emp038-170907.asp</a> |
| Public note | View the item free of charge at http://webarchive.nationalarchives.gov.uk |
| 942 ## - ADDED ENTRY ELEMENTS (KOHA) | |
| Suppress in OPAC | 0 |
| Withdrawn status | Lost status | Source of classification or shelving scheme | Damaged status | Not for loan | Home library | Current library | Shelving location | Date acquired | Total Checkouts | Full call number | Barcode | Date last seen | Copy number | Price effective from | Koha item type |
|---|---|---|---|---|---|---|---|---|---|---|---|---|---|---|---|
| Dewey Decimal Classification | Virtual | Virtual | Online | 19/09/2007 | ONLINE PUBLICATION | 140335-2001 | 06/08/2019 | 1 | 06/08/2019 | Journal article |